000 00670nam a2200241Ia 4500
003 OSt
005 20220923223651.0
006 a|||||r|||| 00| 0
007 ta
008 Pun
024 _a220,042
037 _cTextual
040 _aARTS
_cARTS
_bPun
041 _2Pun
_aPun
082 _aO153,1N37x, M9
100 _aਚੌਧਰੀ, ਜੀ ਡੀ
245 0 _aਜਵਾਲਾ ਮੁਖੀ
260 _aਅੰਮ੍ਰਿਤਸਰ
_b ਪੁਤਲੀ ਘਰ
_c1989
300 _a63ਪੰ
_ccm.
650 _aਪੰਜਾਬੀ ਸਾਹਿਤ
942 _hO153,1N37x, M9
_cTEXL
_2CC
999 _c366742
_d366742